000 00764nam a2200301Ia 4500
005 20260121124517.0
008 008 260114s9999 xx 000 0 eng d
020 _a9781487513665
037 _aEBOOK
040 _aCRL
040 _beng
040 _cCRL
041 _2eng
041 _aeng
084 _qCRL
100 _a Lonergan Research Institute
_9977227
245 2 _aA Third Collection
260 _bWalter de Gruyter
260 _bWalter de Gruyter
260 _c2017
650 _aPhilosophy
_9977228
700 _a Dadosky, John
_9977229
700 _a Lonergan, BernardDoran, S.J., Robert
_9977230
856 _uhttp://www.degruyter.com/isbn/9781487513665
942 _cEBOOK
999 _c1555129
_d1555129